'T' Countries Quiz Stats

 Plays Quiz Updated Jul 6, 2018

Score 0/12 Timer 03:00
15 Plays Today
Country % Correct
Turkey
89.2%
Turkmenistan
81.9%
Thailand
81.4%
Trinidad and Tobago
75%
Tanzania
74.6%
Togo
74.2%
Tajikistan
72.9%
Taiwan
66.8%
Tuvalu
64.2%
Tunisia
63.8%
Tonga
61.9%
Timor-Leste
44.8%

You're not logged in!

Compare scores with friends on all Sporcle quizzes.
OR
Log In

Sporcle TV

Today on Sporcle TV


Watch our educational content, quiz creation guides, and fun videos on Sporcle TV.

Show Comments

Extras

Top Quizzes Today


Score Distribution

Your Account Isn't Verified!

In order to create a playlist on Sporcle, you need to verify the email address you used during registration. Go to your Sporcle Settings to finish the process.

Report this User

Report this user for behavior that violates our Community Guidelines.

Details: